Management accounting. (2nd ed.) (Record no. 82386)

MARC details
000 -LEADER
fixed length control field 01165nam a2200241 a 4500
008 - FIXED-LENGTH DATA ELEMENTS--GENERAL INFORMATION
fixed length control field 120416s1997 ||||||||||||||||| || u
020 ## - INTERNATIONAL STANDARD BOOK NUMBER
International Standard Book Number 0132557614
050 ## - LIBRARY OF CONGRESS CALL NUMBER
Classification number HF 5635 Man
100 ## - MAIN ENTRY--PERSONAL NAME
Personal name Kaplan, Robert S
245 10 - TITLE STATEMENT
Title Management accounting. (2nd ed.)
Statement of responsibility, etc. Anthony A. Atkinson; (and others)
250 ## - EDITION STATEMENT
Edition statement 2nd ed.
260 ## - PUBLICATION, DISTRIBUTION, ETC.
Place of publication, distribution, etc. Upper Saddle River, N.J. :
Name of publisher, distributor, etc. FT Prentice-Hall
Date of publication, distribution, etc. 1997
300 ## - PHYSICAL DESCRIPTION
Extent xxxv, 741p. : ill.
350 ## -
-- 0.00
490 ## -
-- The Robert S. Kaplan series in management accounting
650 #0 - SUBJECT ADDED ENTRY--TOPICAL TERM
Topical term or geographic name entry element ACCOUNTING--HANDBOOKS, MANUALS, ETC
650 #0 - SUBJECT ADDED ENTRY--TOPICAL TERM
Topical term or geographic name entry element MANAGERIAL ACCOUNTING
700 ## - ADDED ENTRY--PERSONAL NAME
Personal name Atkinson, Anthony A
700 ## - ADDED ENTRY--PERSONAL NAME
Personal name Banker, Rajiv D
995 ## -
-- MAIN LIBRARY OPEN ACCESS
-- 0.00
-- 734254
-- CBU-MAIN LIBRARY (Kitwe)
-- 1
-- 64.20
-- HF 5635 Man
-- 1
-- AVAILABLE
-- May 9, 2006
-- 46595
-- Main Library Open Access Collection
995 ## -
-- ANNEX COLLECTION (Main Library)
-- 0.00
-- 734697
-- CBU-MAIN LIBRARY (Kitwe)
-- 2
-- 64.20
-- HF 5635 Man
-- 2
-- AVAILABLE
-- 47931
-- Annex Low-Usage Collection
995 ## -
-- MAIN LIBRARY OPEN ACCESS
-- 0.00
-- 734698
-- CBU-MAIN LIBRARY (Kitwe)
-- 1
-- 0.00
-- HF 5635 Man
-- 3
-- AVAILABLE
-- Aug 23, 2006
-- 47929
-- Main Library Open Access Collection
999 ## -
-- 82386
-- 82386
Holdings
Withdrawn status Lost status Source of classification or shelving scheme Damaged status Not for loan Permanent Location Current Location Shelving location Date acquired Total Checkouts Full call number Barcode Date last seen Copy number Price effective from Koha item type
          CBU-MAIN LIBRARY, KITWE. CBU-MAIN LIBRARY, KITWE.   09/27/2023   HF 5635 Man 46595 09/27/2023 1 09/27/2023 MONOGRAPH
          CBU-MAIN LIBRARY, KITWE. CBU-MAIN LIBRARY, KITWE.   09/27/2023   HF 5635 Man 47931 09/27/2023 2 09/27/2023 MONOGRAPH
          CBU-MAIN LIBRARY, KITWE. CBU-MAIN LIBRARY, KITWE.   09/27/2023   HF 5635 Man 47929 09/27/2023 3 09/27/2023 MONOGRAPH